[Event "EU-chT U12"]
[Site "Iasi"]
[Date "2023.07.30"]
[Round "7.4"]
[White "Uzdemir, Ali Poyraz"]
[Black "Dodoi, Matei Teodor"]
[Result "1-0"]
[WhiteElo "1569"]
[BlackElo "1859"]
[PlyCount "71"]
[EventDate "2023.07.24"]
[EventType "team-swiss"]
[EventRounds "7"]
[EventCountry "ROU"]
[SourceTitle "CBM 215 Extra"]
[Source "ChessBase"]
[SourceDate "2023.09.30"]
[SourceVersion "1"]
[SourceVersionDate "2023.09.30"]
[SourceQuality "1"]
[WhiteTeam "Turkey U12"]
[BlackTeam "Romania U12"]
[WhiteTeamCountry "TUR"]
[BlackTeamCountry "ROU"]

1. e4 c5 2. Nf3 d6 3. Bb5+ Nd7 4. 0-0 Ngf6 5. Qe2 a6 6. Bxd7+ Bxd7 7. Rd1 g6 8. c3 Bg7 9. d4 cxd4 10. cxd4 Bc6 11. d5 Bb5 12. Qe1 a5 13. Nc3 Ba6 14. Be3 0-0 15. Bd4 Nd7 16. Qe3 Rc8 17. Rac1 Bxd4 18. Rxd4 Qb6 19. b3 Ne5 20. Rcd1 Rc7 21. Na4 Qa7 22. h4 b5 23. Nb2 Rc2 24. Nd3 Nxf3+ 25. gxf3 Rfc8 26. e5 b4 27. Nf4 dxe5 28. Qxe5 Rxa2 29. h5 Qc7 30. d6 Qc2 31. R4d2 Qxb3 32. dxe7 Re8 33. Nd5 Rxd2 34. Nf6+ Kg7 35. Ng4+ f6 36. Qxf6+ 1-0

[Event "EU-chT U12"]
[Site "Iasi"]
[Date "2023.07.27"]
[Round "4.4"]
[White "Uzdemir, Ali Poyraz"]
[Black "Chiszko, Oskar"]
[Result "1/2-1/2"]
[WhiteElo "1569"]
[BlackElo "1860"]
[PlyCount "105"]
[EventDate "2023.07.24"]
[EventType "team-swiss"]
[EventRounds "7"]
[EventCountry "ROU"]
[SourceTitle "CBM 215 Extra"]
[Source "ChessBase"]
[SourceDate "2023.09.30"]
[SourceVersion "1"]
[SourceVersionDate "2023.09.30"]
[SourceQuality "1"]
[WhiteTeam "Turkey U12"]
[BlackTeam "Poland U12"]
[WhiteTeamCountry "TUR"]
[BlackTeamCountry "POL"]

1. e4 c5 2. Nc3 d6 3. f4 g6 4. Nf3 Nf6 5. Bc4 e6 6. e5 Nh5 7. 0-0 d5 8. Bb5+ Bd7 9. Bxd7+ Nxd7 10. d4 Ng7 11. Be3 Nf5 12. Bf2 cxd4 13. Nxd4 Nxd4 14. Bxd4 a6 15. Qf3 Bg7 16. Rad1 Qe7 17. Bf2 Rc8 18. Rfe1 Rc6 19. g4 Qb4 20. Bd4 Rg8 21. Bf2 g5 22. Nxd5 exd5 23. Qxd5 Qe7 24. f5 Nxe5 25. b4 Bf6 26. Bg3 Kf8 27. Bxe5 Kg7 28. Bd6 Qd8 29. c4 Re8 30. c5 Kg8 31. Qf3 Rxe1+ 32. Rxe1 Qd7 33. Qd5 Rc8 34. Qe4 Qb5 35. a3 Qd7 36. Kf2 Rd8 37. Re2 Rc8 38. Qe3 Rd8 39. Qe4 Rc8 40. Kg2 Rd8 41. Kf3 Rc8 42. Re3 Qb5 43. Re2 Qd7 44. Qd5 Rd8 45. Kg2 Rc8 46. a4 Re8 47. Rd2 Rd8 48. Qf3 Re8 49. Qd3 Qxa4 50. Re2 Rd8 51. Qe4 Qd7 52. Kf3 Rc8 53. Kg2 1/2-1/2

[Event "EU-chT U12"]
[Site "Iasi"]
[Date "2023.07.25"]
[Round "2.4"]
[White "Shen, Tingrui"]
[Black "Uzdemir, Ali Poyraz"]
[Result "1/2-1/2"]
[WhiteElo "1794"]
[BlackElo "1569"]
[PlyCount "66"]
[EventDate "2023.07.24"]
[EventType "team-swiss"]
[EventRounds "7"]
[EventCountry "ROU"]
[SourceTitle "CBM 215 Extra"]
[Source "ChessBase"]
[SourceDate "2023.09.30"]
[SourceVersion "1"]
[SourceVersionDate "2023.09.30"]
[SourceQuality "1"]
[WhiteTeam "Germany U12"]
[BlackTeam "Turkey U12"]
[WhiteTeamCountry "GER"]
[BlackTeamCountry "TUR"]

1. e4 c6 2. d4 d5 3. e5 Bf5 4. Nd2 e6 5. Nb3 Nd7 6. Nf3 a6 7. Be2 c5 8. dxc5 Qc7 9. Nfd4 Bg6 10. f4 Nxc5 11. Be3 Nh6 12. 0-0 Nf5 13. Nxf5 Bxf5 14. Nd4 Be4 15. Qe1 Be7 16. Bf3 Bxf3 17. Rxf3 g6 18. c3 Rc8 19. Rd1 h5 20. Bf2 b5 21. Bh4 Bxh4 22. Qxh4 Qe7 23. Qxe7+ Kxe7 24. Nb3 Na4 25. Rf2 Rc7 26. Rd4 Rc4 27. a3 Rhc8 28. Kf1 Rxd4 29. Nxd4 Nc5 30. Ke2 Kd7 31. Rf3 Rb8 32. Kd1 Ne4 33. Kc2 Rc8 1/2-1/2

[Event "TUR-ch U07/12"]
[Site "Antalya"]
[Date "2023.01.28"]
[Round "10"]
[White "Ozturk, Efe Hakan"]
[Black "Uzdemir, Ali Poyraz"]
[Result "0-1"]
[WhiteElo "2052"]
[BlackElo "1638"]
[PlyCount "116"]
[EventDate "2023.01.17"]
[EventType "swiss"]
[EventRounds "10"]
[EventCountry "TUR"]
[SourceTitle "EXT 2024"]
[Source "ChessBase"]
[SourceDate "2023.10.10"]
[SourceVersion "1"]
[SourceVersionDate "2023.10.10"]
[SourceQuality "1"]

1. c4 c5 2. Nc3 Nc6 3. g3 g6 4. Bg2 Bg7 5. e3 e6 6. Nge2 Nge7 7. 0-0 0-0 8. b3 d5 9. cxd5 exd5 10. d4 cxd4 11. exd4 Bg4 12. Qd2 Bxe2 13. Nxe2 Nf5 14. Bb2 Re8 15. Rfd1 Qe7 16. Re1 Qd7 17. Bh3 Qd6 18. Bxf5 gxf5 19. a3 Re6 20. Nf4 Bh6 21. Rxe6 fxe6 22. Kh1 Bxf4 23. gxf4 Ne7 24. Rg1+ Ng6 25. Qe3 Kh8 26. Bc1 Rg8 27. Bd2 a6 28. Bb4 Qd7 29. h4 Qd8 30. Rg5 Qc7 31. h5 Nxf4 32. Rxg8+ Kxg8 33. Qg3+ Kf7 34. Bd2 e5 35. dxe5 Ne6 36. Kh2 Qc2 37. Bh6 Qe4 38. Bd2 f4 39. Qh4 Qxe5 40. Bb4 f3+ 41. Qg3 Qxh5+ 42. Kg1 Qg6 43. Kh2 Qxg3+ 44. Kxg3 Nd4 45. Kf4 Ke6 46. Ke3 Nc2+ 47. Kxf3 Nxb4 48. axb4 Ke5 49. Ke3 d4+ 50. Kf3 h5 51. b5 axb5 52. b4 h4 53. Kg2 d3 54. f4+ Kxf4 55. Kh2 d2 56. Kh3 d1Q 57. Kh2 Kf3 58. Kh3 Qh1# 0-1

[Event "TUR-ch U07/12"]
[Site "Antalya"]
[Date "2023.01.27"]
[Round "9"]
[White "Asici, Poyraz Efe"]
[Black "Uzdemir, Ali Poyraz"]
[Result "0-1"]
[WhiteElo "1213"]
[BlackElo "1638"]
[PlyCount "74"]
[EventDate "2023.01.17"]
[EventType "swiss"]
[EventRounds "10"]
[EventCountry "TUR"]
[SourceTitle "EXT 2024"]
[Source "ChessBase"]
[SourceDate "2023.10.10"]
[SourceVersion "1"]
[SourceVersionDate "2023.10.10"]
[SourceQuality "1"]

1. d4 Nf6 2. c4 d6 3. Nc3 Nbd7 4. e4 e5 5. d5 Be7 6. f3 0-0 7. Nh3 Ne8 8. Nf2 Nb8 9. g4 g6 10. Bh6 Ng7 11. Bd3 Bh4 12. Qd2 Qf6 13. Qe3 a6 14. Rf1 Bd7 15. Ke2 Qd8 16. h3 c6 17. g5 Nh5 18. Rg1 Nf4+ 19. Kd2 Bxf2 20. Qxf2 Nxh3 21. Qg3 Nxg1 22. Bxf8 Nxf3+ 23. Qxf3 Qxg5+ 24. Kc2 Kxf8 25. Rf1 Qe7 26. c5 dxc5 27. d6 Qe8 28. Qf6 Kg8 29. Bc4 Be6 30. Bxe6 fxe6 31. Qxe5 Nd7 32. Qg5 e5 33. Ne2 Qe6 34. Ng3 Rf8 35. Rxf8+ Kxf8 36. Qh6+ Kg8 37. Nf5 Qf6 0-1

[Event "TUR-ch U07/12"]
[Site "Antalya"]
[Date "2023.01.24"]
[Round "4"]
[White "Uzdemir, Ali Poyraz"]
[Black "Aydin, Volkan"]
[Result "1-0"]
[WhiteElo "1638"]
[BlackElo "1001"]
[PlyCount "61"]
[EventDate "2023.01.17"]
[EventType "swiss"]
[EventRounds "10"]
[EventCountry "TUR"]
[SourceTitle "EXT 2024"]
[Source "ChessBase"]
[SourceDate "2023.10.10"]
[SourceVersion "1"]
[SourceVersionDate "2023.10.10"]
[SourceQuality "1"]

1. e4 e5 2. Nc3 Nf6 3. g3 d5 4. exd5 Nxd5 5. Bg2 Nxc3 6. bxc3 Bc5 7. Ne2 Nc6 8. 0-0 0-0 9. d3 Be6 10. Be3 Bb6 11. c4 Qe7 12. Rb1 Rad8 13. Qc1 Bc8 14. Re1 Ba5 15. Rd1 Nd4 16. Nxd4 exd4 17. Bd2 Bxd2 18. Qxd2 c6 19. a4 Rfe8 20. Re1 Qa3 21. Qf4 Qc3 22. Rec1 Re2 23. Qg5 Rde8 24. Rb3 Re1+ 25. Bf1 Rxc1 26. Rxc3 Rce1 27. Kg2 dxc3 28. Qa5 Ra1 29. Qxc3 Rxa4 30. d4 a5 31. d5 1-0

[Event "EU-ch U08 30th"]
[Site "Antalya"]
[Date "2022.11.13"]
[Round "8"]
[White "Uzdemir, Ali Poyraz"]
[Black "Azimov, Yasin"]
[Result "1-0"]
[WhiteElo "1566"]
[BlackElo "1437"]
[PlyCount "57"]
[EventDate "2022.11.06"]
[EventType "swiss"]
[EventRounds "9"]
[EventCountry "TUR"]
[SourceTitle "CBM 211 Extra"]
[Source "ChessBase"]
[SourceDate "2023.01.31"]
[SourceVersion "1"]
[SourceVersionDate "2023.01.31"]
[SourceQuality "1"]

1. d4 Nf6 2. Bf4 e6 3. e3 c5 4. Nf3 Nc6 5. Nc3 d5 6. Nb5 Ke7 7. dxc5 a6 8. Nc7 Ra7 9. c4 Rg8 10. Qa4 Ne8 11. cxd5 exd5 12. Bd6+ Nxd6 13. Nxd5+ Ke8 14. cxd6 Bxd6 15. Rd1 Be6 16. Nc3 Qe7 17. a3 g5 18. Nd4 Bd7 19. Qc2 Rg6 20. Bc4 Nxd4 21. Rxd4 Be5 22. Nd5 Qc5 23. b4 Qd6 24. Rd2 Qc6 25. f4 gxf4 26. exf4 Bb8 27. 0-0 b5 28. Qc3 bxc4 29. Qh8+ 1-0